000 00959nas a2200337 4500
001 BR9700375
003 BR-BrBNA
005 20231205095949.0
007 ta
008 230509b bl.|||p| |||| 00| 00por d
040 _aBR-BrBNA
_bpor
_cBiblioteca Nacional de Agricultura
041 _a(Pt)
072 _aL73
100 1 _aCosta, E.O.
100 1 _aMangerona, A.M.
100 1 _aBenites, N.R.
100 1 _aCirillo, S.L.
100 1 _aGarino Junior, F.
100 1 _aRibeiro, A.R.
100 1 _aWatanabe, E.T.
245 1 _aAvaliacao de campo de quatro tratamentos intramamarios de mastite clinica bovina
650 _aVaca Leiteira
650 _aMamite
650 _aAnalise Estatistica
650 _aBacteria
650 _aEnzima
650 _aAntibiotico
773 0 _tHora Veterinaria (Brazil)
_xISSN 0101-9163
_g(Sep-Oct 1996), v. 16(93) p. 19-21
_wBR9700375
909 _a202311
_bLúcia
_c55
_dLúcia Elande
942 _2AGRIS
_n0
_cANA
999 _c153696
_d153696